LEADER 02730nam 22005655 450 001 996247985803316 005 20211012032756.0 010 $a0-520-90968-2 010 $a0-585-13980-6 024 7 $a10.1525/9780520909687 035 $a(CKB)111004366703040 035 $a(dli)HEB31899 035 $a(DE-B1597)543039 035 $a(OCoLC)1149420162 035 $a(DE-B1597)9780520909687 035 $a(EXLCZ)99111004366703040 100 $a20200424h19861986 fg 0 101 0 $aeng 135 $aurmnummmmuuuu 181 $ctxt$2rdacontent 182 $cc$2rdamedia 183 $acr$2rdacarrier 200 10$aFrom Popular Sovereignty to the Sovereignty of Law $eLaw, Society, and Politics in Fifth-Century Athens /$fMartin Ostwald 205 $aReprint 2019 210 1$aBerkeley, CA :$cUniversity of California Press,$d[1986] 210 4$d©1986 215 $a1 online resource (xxii, 663 p. ) 311 0 $a0-520-06798-3 320 $aIncludes bibliography (p. 551-569) and indexes. 327 $tFront matter --$tCONTENTS --$tPREFACE --$tABBREVIATIONS --$tPROLEGOMENA: SCOPE AND PURPOSE --$tCHAPTER ONE. Popular Sovereignty and the Control of Government --$tCHAPTER TWO. Popular Sovereignty and Social Thought --$tCHAPTER THREE. Popular Sovereignty and the Control of Religion --$tCHAPTER FOUR. The Prelude --$tCHAPTER FIVE. The Polarizations of the 420s --$tCHAPTER SIX. Popular Sovereignty and the Intellectual: Alcibiades --$tCHAPTER SEVEN. The Problem of the Patrios Politeia (Ancestral Constitution) --$tCHAPTER EIGHT. The Breakdown of Popular Sovereignty --$tCHAPTER NINE. The Second Oligarchical Challenge and Its Failure --$tCHAPTER TEN. Toward a New Order: Democracy under the Law --$tAPPENDIX A: EISANGELIA CASES IN THE FIFTH --$tAPPENDIX B: THE EARLIEST TRIALS FOR IMPIETY (ASEBEIA) AT ATHENS --$tAPPENDIX C: THE SOCIAL AND INTELLECTUAL BACKGROUND OF THE ?????????? OF 415 B.C. --$tBIBLIOGRAPHY --$tINDEX LOCORUM --$tGENERAL INDEX 606 $aLaw, Greek 606 $aLaw$zGreece$zAthens$xHistory 606 $aConstitutional history$zGreece$zAthens$yTo 146 B.C 606 $aRule of law$zGreece$zAthens 606 $aDemocracy 607 $aAthens (Greece)$xPolitics and government 615 0$aLaw, Greek. 615 0$aLaw$xHistory. 615 0$aConstitutional history 615 0$aRule of law 615 0$aDemocracy. 676 $a342.495/12 676 $a344.951202 700 $aOstwald$b Martin$4aut$4http://id.loc.gov/vocabulary/relators/aut$0153974 801 0$bDE-B1597 801 1$bDE-B1597 906 $aBOOK 912 $a996247985803316 996 $aFrom popular sovereignty to the sovereignty of law$9288975 997 $aUNISA LEADER 02289nam0 22004813i 450 001 PUV0137162 005 20251003044310.0 100 $a20011015d1972 ||||0itac50 ba 101 | $aita$ceng 102 $ait 105 $a|||| |||c| 181 1$6z01$ai $bxxxe 182 1$6z01$an 183 1$6z01$anc$2RDAcarrier 200 1 $aˆIl ‰capitalismo paternalistico$fAndreas Papandreu$gpresentazione di Antonio Giolitti 210 $aMilano$cISEDI$d1972 215 $a164 p.$d23 cm 300 $aTraduzione di Vittorio Nanni 500 10$aPaternalistic capitalism.$3SBL0430580$9UBOV115983$945681 606 $aCapitalismo$2FIR$3CFIC001630$9E 676 $a330.122$9ECONOMIA DEL LAVORO. Economia della libera impresa$v20 676 $a330.122$9SISTEMI ECONOMICI. ECONOMIA DELLA LIBERA IMPRESA$v21 676 $a330.15$9SCUOLE DI PENSIERO ECONOMICO$v20 676 $a330.15$9SCUOLE DI PENSIERO ECONOMICO$v23 696 $aNeocapitalismo 699 $aCapitalismo$zNeocapitalismo 700 1$aPapandreou$b, Andreas G.$3UBOV115983$4070$0119691 702 1$aGiolitti$b, Antonio$3CFIV075104$4080 702 1$aNanni$b, Vittorio$3LO1V039442$4730 790 1$aPapandreu$b, Andreas$3SBLV211140$zPapandreou, Andreas G. 790 1$aPapandreu$b, Andrea$3SBLV256897$zPapandreou, Andreas G. 790 1$aPapandreou$b, Andreas George$3UTOV540495$zPapandreou, Andreas G. 790 1$aPapandreou$b, Andreas Ge?rgiu$3UTOV540496$zPapandreou, Andreas G. 801 3$aIT$bIT-000000$c20011015 850 $aIT-BN0095 $aIT-SA0252 $aIT-NA0079 $aIT-NA0230 901 $bNAP 83$cIAN $n$ 901 $bNAP BN$cV.F. $nLa consegna dei documenti è effettuata dall'Ufficio Distribuzione 901 $bNAP 01$cPOZZO LIB.$nVi sono collocati fondi di economia, periodici di ingegneria e scienze, periodici di economia e statistica e altri fondi comprendenti documenti di economia pervenuti in dono. 912 $aPUV0137162 950 0$aBiblioteca Centralizzata di Ateneo$c1 v.$d 01POZZO LIB.F. SANTI 111$e 0101 0060029035E VMA 1 v. (Precedente collocazione S 191)$fB $h20221104$i20221104 977 $a 01$a 83$a BN$a IR 996 $aPaternalistic capitalism$945681 997 $aUNISANNIO